Avions Bataille d'Angleterre - Seconde Guerre Mondiale - Statistiques

Statistiques générales
  • Ce quiz a été pris 153 fois
  • Le résultat moyen est 7 sur 22
Statistiques - réponses
Par images Réponse % Correct
Supermarine Spitfire
93%
Messerschmitt Bf-109
83%
Hawker Hurricane
73%
Focke-Wulf Fw 190
68%
Avro Lancaster (Type 683)
61%
Heinkel He-111
59%
Messerschmitt Bf-110
51%
Junkers Ju 87
46%
Junkers Ju-88
42%
Fairey Swordfish
28%
Hawker Typhoon
17%
Junkers Ju-52
17%
Hawker Tempest
15%
De Havilland Mosquito
14%
Halifax
14%
Henschel Hs-129
14%
Bristol 142/149 Blenheim Mk.I
8%
Heinkel He-219
8%
Boulton Paul Defiant
6%
Bristol 156 Beaufighter
6%
Vickers Wellington
4%
Dornier Do-215
1%
Aucun quiz correspondant
Distribution des résultats
% des personnes avec chaque résultat
Percentile par nombre de réponses
Votre historique - résultats
Vous n’avez pas pris ce quiz